The Silmarillion: All characters starting with B - Statistics

General Stats
  • This quiz has been taken 45 times
  • The average score is 11 of 18
Answer Stats
Hint Answer % Correct
Elder son of Beor the Old: Balan
93%
The father of Beren: Barahir
93%
The leader of the first Men to enter Beleriand: Beor the Old
93%
He cut a Silmaril from the crown of Morgoth to be the bride-price of Luthien, Thingol's daughter. Beren
93%
Friend and companion of Turin, by whom he was slain: Beleg
90%
A Chieftain of the Easterlings, follower with his three sons of Maedhros and Maglor: Bor
87%
The grandfather of Morwen and Rian, he was slain in the Dagor Bragollach: Bregolas
70%
First Lord of Ladros, and grandfather of Barahir: Boromir
60%
The father of Morwen, and one of the twelve companions of Barahir: Baragund
53%
The father of Rian, and one of the twelve companions of Barahir: Belegund
53%
Called the lame, he was the ruler of the people of Haleth, and was slain by Turin: Brandir
53%
An Easterling who took to wife Aerin. He was slain by Turin: Brodda
53%
The father of Barahir: Bregor
37%
A leader of dissension among the Men of Estolad, he went back over the mountains to Eriador: Bereg
33%
One of the sons of Bor, he was slain in the Nirnaeth Arnoediad: Borlach
33%
The father of the first Lord of Ladros: Boron
33%
One of the sons of Bor, he was slain in the Nirnaeth Arnoediad: Borlad
30%
One of the sons of Bor, he was slain in the Nirnaeth Arnoediad: Borthond
0%
No matching quizzes found
Score Distribution
Percent of People with Each Score
Percentile by Number Answered
Your Score History
You have not taken this quiz